000 00958nas a2200277 454500
001 44838
005 20260407193511.0
008 260407s1995####ag###########|||spa#d
003 AR-UNSa-BCEJYS
040 _aAR-UNSa-BCEJYS
_bspa
_cAR-UNSa-BCEJYS
080 _a332.8
_xEconomía de la vivienda
245 1 0 _aConstrucción y mercado inmobiliario
_pinforme sectorial
264 1 _aBuenos Aires :
_bUADE (Universidad Argentina de la Empresa)
_c1995
310 _aFrecuencia: Irregular
041 _aspa
942 _cSER
590 _aniveau_biblio:s niveau_hierar:1
100 1 _aUniversidad Argentina de la Empresa. Instituto de Economía
700 1 _aChisari, Omar O.
650 _aCostos de construcción
650 _aDatos estadísticos
650 _aConstrucción de viviendas
650 _aViviendas
650 _aMERCADO INMOBILIARIO
856 4 1 _uhttps://www.biblioeco.unsa.edu.ar/pmb/images/revistas/R21647.jpg
_yImagen de portada
_qimage/jpeg
999 _c8927
_d8927